Lúnivers poétique de Baudelaire

Shranjeno v:
Bibliografske podrobnosti
Glavni avtor: Austin, LLoyd James
Format: Knjiga
Jezik:Undetermined
Izdano: París, Francia Mercure de France 1941
Teme:
Oznake: Označite
Brez oznak, prvi označite!

MARC

LEADER 00000nam a2200000Ia 4500
008 170316s9999 xx 000 0 und d
040 |a cru BVZT 
090 |a C-840 A-4u 
100 |a Austin, LLoyd James 
245 |a Lúnivers poétique de Baudelaire 
260 |a París, Francia 
260 |b Mercure de France 
260 |c 1941 
300 |a 346 páginas 
650 |a LITERATURA FRANCESA 
650 |a CRÍTICA 
999 |c 12941  |d 12941 
942 |c 15 D  |h C-840 A-4u  |2 z